| 000 | 01082nam a22003497a 4500 | ||
|---|---|---|---|
| 003 | CHAP | ||
| 005 | 20220329143748.0 | ||
| 008 | 110725s2008 us a r 00010 eng d | ||
| 010 | _a101597 | ||
| 011 | _a102569 | ||
| 020 | _a9780125051033 | ||
| 035 | _a113258 | ||
| 040 | _cCHAP | ||
| 082 | 0 | 4 |
_a574.191 _bM76 2008 |
| 100 | 0 | 0 |
_aMonteith, John L. _977769 |
| 245 | 1 | 0 |
_aPrinciples of enviromental physics _c/por John Monteith y Mike Unsworth |
| 250 | _a3 ed. | ||
| 260 |
_aReino Unido : _bElsevier, _c2008 |
||
| 300 |
_axxi, 418 p. : _bilus., tablas |
||
| 590 |
_aBATCH-UPD _b10 _c20130110 _lUCH01 _h1206 |
||
| 590 |
_aBATCH-UPD _b10 _c20130410 _lUCH01 _h0747 |
||
| 590 |
_aBATCH-UPD _b10 _c20130913 _lUCH01 _h1932 |
||
| 590 |
_aCONVERSION _b10 _c20130109 _lUCH01 _h1356 |
||
| 650 | 1 | 4 |
_aAdaptación (Biología) _9879 |
| 650 | 1 | 4 |
_aBiofísica. _912735 |
| 650 | 1 | 4 |
_aBioquímica. _912849 |
| 650 | 1 | 4 |
_aEcología. _935134 |
| 700 | 0 |
_aUnsworth, M. H. _9116790 |
|
| 901 | _aBK | ||
| 942 | _cLIBRO | ||
| 949 |
_a574.191 M76 2008 _bBC _cLIBRO _d33724002244975 _eLIBRO _h115345 _i113258 _sb |
||
| 999 |
_c101597 _d101597 |
||